Transforming children's mathematics education : international perspectives
Αποθηκεύτηκε σε:
| Άλλοι συγγραφείς: | , |
|---|---|
| Μορφή: | Βιβλίο |
| Γλώσσα: | English |
| Δημοσίευση: |
Hillsdale :
Lawrence Erlbaum,
1990
|
| Θέματα: | |
| Ετικέτες: |
Προσθήκη ετικέτας
Δεν υπάρχουν, Καταχωρήστε ετικέτα πρώτοι!
|
MARC
| LEADER | 00000nam a2200000 i 4500 | ||
|---|---|---|---|
| 001 | 1/85517 | ||
| 008 | 990701s1990 eng d | ||
| 020 | |a 0-8058-0604-0 | ||
| 035 | |l 10051860 | ||
| 040 | |a GR-MY-UA |b gre |e aacr | ||
| 041 | 0 | |a eng | |
| 082 | 0 | |a 372.7 | |
| 245 | 1 | 0 | |a Transforming children's mathematics education : |b international perspectives / |c edited by Leslie P. Steffe, Terry Wood |
| 260 | |a Hillsdale : |b Lawrence Erlbaum, |c 1990 | ||
| 300 | |a 498 p. | ||
| 650 | 0 | 0 | |a Mathematics |x Study and teaching (Elementary) |
| 700 | 1 | |a Steffe, Leslie P. |4 edt | |
| 700 | 1 | |a Wood, Terry. |4 edt | |
| 852 | |a INST |b RHODES |e 19990701 |h 372.2 TRA |p 005400014581 |q 005400014581 |t BK |y 0 | ||
| 901 | |a BIBL4-1999-2 | ||
| 909 | |a Ρ |b 065597 | ||
| 922 | |a 4ΕΛΗ |b 199905 |c ΚΠΣ/154 |d LEADER | ||
| 970 | |a ΚΟΥΛΙΑΚΙΩΤΗ |b ΕΥΑΓΓΕΛΙΑ |z 1999/07/01 | ||